000 00697nac a22002177a 4500
001 BR0602336
003 BR-BrBNA
005 20240105123323.0
008 230509b bl.|||m| |||| 00| 0 por d
040 _aBR-BrBNA
_bpor
_cBiblioteca Nacional de Agricultura
072 _aL01
090 _a8527 BR0602336
100 1 _aSantos, E.
110 1 _aMinistério da Agricultura, Rio de Janeiro, GB (Brasil). Serviço de Informação do Mercado Agrícola
_96975
245 1 _aSerpentes peçonhentas
260 3 _aRio de Janeiro, GB (Brasil):
_c1952.
490 _aSIA (Brazil)
_vno. 783
_x
650 _aCOBRA PEÇONHENTA
909 _a202312
_bLúcia Elande
_c55
_dLúcia Elande
942 _2AGRIS
_n0
_cMS
999 _c294943
_d294943